000 01588nam0a22003011 4500
001 rc\74328
005 20260406080749.0
035 _a(NLR Aleph) 005345882
090 _a6743810
_c6743810
100 _a20021216d1993 |||y0rusy50 ca
101 0 _arus
102 _aRU
105 _aa |||||||||
200 1 _aСЕЙСМОСТРАТИГРАФИЧЕСКИЕ исследования в Евразии
_e[Материалы конф.
_fОтв. ред.: акад. РАН Б.С. Соколов]
210 _aМ.
_cНаука
_d1993
215 _a223 с., [1] л. ил.
_cил.
_d24
225 1 _aТруды Секции сейсмостратиграфии Научного совета по проблемам физики Земли и геофизических методов разведки Российской академии наук
_vВып. 2
300 _aВ надзаг.: СП МО SEIS, НПО "Нефтегеофизика", Науч.-техн. центр "Геосейм"
300 _aРез. на англ. яз.
320 _aБиблиогр. в конце докл.
702 1 _4340
_7ca
_8rus
_aСоколов
_bБ. С.
_cд-р геол.-минерал. наук
_f1914-2013
_gБорис Сергеевич
_926469
_3RU\NLR\AUTH\7743526
712 0 2 _aРоссийская академия наук
_bНауч. совет по проблемам физики Земли и геофизических методов разведки
801 0 _aRU
_bNLR
_gpsbo
801 1 _aRU
_bELAR
_2rusmarc
852 _aNLR
_j93-7/945
942 _cBOOK
980 _aNB